Tables de 4, jusqu'à 20 - Statistiques

Statistiques générales
  • Ce quiz a été pris 240 fois
  • Le résultat moyen est 11 sur 20
Statistiques - réponses
Hint Réponse % Correct
4x10 40
74%
4x2 8
71%
4x1 4
70%
4x5 20
64%
4x6 24
64%
4x4 16
61%
4x20 80
61%
4x8 32
59%
4x12 48
59%
4x3 12
58%
4x7 28
58%
4x11 44
58%
4x9 36
54%
4x13 52
47%
4x15 60
47%
4x14 56
43%
4x19 76
43%
4x16 64
37%
4x18 72
37%
4x17 68
32%
Aucun quiz correspondant
Distribution des résultats
% des personnes avec chaque résultat
Percentile par nombre de réponses
Votre historique - résultats
Vous n’avez pas pris ce quiz